IELTS : Speaking strategies for the IELTS test

Các phần đàm thoại, trọng tâm ngôn ngữ và bài tập ở trong mỗi bài dành cho những người chuẩn bị tham gia kì thi nói IELTS hay các kì thi khác và những người có nhu cầu nâng cao tiếng Anh.Giới thiệu nội dung và hình thức thi nói IELTS, cách chu...

पूर्ण विवरण

में बचाया:
ग्रंथसूची विवरण
स्वरूप: पुस्तक
भाषा:Undetermined
प्रकाशित: Thành phố Hồ Chí Minh Tổng hợp Thành phố Hồ Chí Minh 2011
विषय:
टैग : टैग जोड़ें
कोई टैग नहीं, इस रिकॉर्ड को टैग करने वाले पहले व्यक्ति बनें!
Thư viện lưu trữ: Trung tâm Học liệu Trường Đại học Cần Thơ
LEADER 01189nam a2200205Ia 4500
001 CTU_193547
008 210402s9999 xx 000 0 und d
082 |a 428.0076 
082 |b I.22 
245 0 |a IELTS : 
245 0 |b Speaking strategies for the IELTS test 
245 0 |c Điền Tịnh Tiên chủ biên ; Lê Huy Lâm (Chuyển ngữ phần chú giải) 
260 |a Thành phố Hồ Chí Minh 
260 |b Tổng hợp Thành phố Hồ Chí Minh 
260 |c 2011 
520 |a Các phần đàm thoại, trọng tâm ngôn ngữ và bài tập ở trong mỗi bài dành cho những người chuẩn bị tham gia kì thi nói IELTS hay các kì thi khác và những người có nhu cầu nâng cao tiếng Anh.Giới thiệu nội dung và hình thức thi nói IELTS, cách chuẩn bị thi nói, gợi ý và câu hỏi có thể được hỏi trong kì thi nói,... 
650 |a English language,Tiếng Anh 
650 |x Examinations,Study guides,Kỳ thi,Hướng dẫn học 
910 |a Hải 
980 |a Trung tâm Học liệu Trường Đại học Cần Thơ